[Event "Bundesliga 9394"]
[Site "Germany"]
[Date "1993.11.07"]
[Round "2.1"]
[White "Nunn, John DM"]
[Black "Chandler, Murray G"]
[Result "1/2-1/2"]
[WhiteElo "2590"]
[BlackElo "2565"]
[Annotator "Ambroz,J"]
[PlyCount "69"]
[EventDate "1993.11.06"]
[EventType "team-tourn"]
[EventRounds "15"]
[EventCountry "GER"]
[SourceTitle "CBM 040"]
[Source "ChessBase"]
[SourceDate "1994.06.01"]
[SourceVersion "1"]
[SourceVersionDate "1994.06.01"]
[SourceQuality "1"]
[WhiteTeam "Hamburger SK"]
[BlackTeam "Solingen"]
[WhiteTeamCountry "GER"]
[BlackTeamCountry "GER"]

1. e4 e6 2. d4 d5 3. e5 c5 4. c3 Nc6 5. Nf3 Bd7 6. Be2 f6 7. O-O (7. c4 $5 cxd4
$1 8. cxd5 exd5 9. exf6 Nxf6 10. Nxd4 (10. Nbd2 $44) 10... Bc5 11. Be3 (11.
Nxc6 Bxc6 12. O-O O-O 13. Nd2 (13. Nc3 d4) 13... Qb6 14. Qb3 Rae8 15. Qxb6 Bxb6
16. Bd3 Ng4 17. Nf3 Rxf3 $1 18. gxf3 Ne5 19. Be2 d4 20. Bd2 d3 21. Bd1 Nxf3+
22. Bxf3 Bxf3 23. Rfe1 Be2 24. Kg2 Re6 $19 25. f4 {Kupreichik,V-Dolmatov,S/
USSR (ch) 30/205/1980/0-1 (35)}) (11. Nb3 Bxf2+ $1 12. Kxf2 Ne4+ 13. Kf1 Qb6
$36) 11... Qb6 $1 12. Nxc6 Bxe3 13. fxe3 bxc6 14. Qd4 O-O 15. O-O Rae8 $17)
7... Qc7 (7... fxe5 8. Nxe5 Nxe5 9. dxe5 Bc6 $5 (9... Qc7 10. f4 $5 Ne7 11. Nd2
g6 12. Nf3 Bg7 13. Qe1 $1 O-O 14. Qh4 Nf5 15. Qh3 Qb6 16. g4 Ne7 17. c4 $1 $14
{Rosentalis,E-Pahtz,T, Liechtenstein 1991}) 10. Bd3 (10. c4 Ne7 11. Bg5 $5 Qd7
(11... dxc4 12. Nd2 Qd5 13. Bh5+ Ng6 14. Qg4 Be7 $8 15. Bxg6+ (15. Bxe7 Kxe7
16. Nxc4 Qxg2+ $1) 15... hxg6 16. Bxe7 Kxe7 17. Nxc4 $14 {Benjamin-Gulko,
Groningen 1993}) 12. Bg4 dxc4 13. Qxd7+ Bxd7 14. Nd2 $5 {Sveshnikov}) 10... Qd7
$5 {Ivanchuk,V-Short,N, Novi Sad ol 1990}) 8. c4 $5 (8. Re1 fxe5 9. Nxe5 (9.
dxe5 O-O-O 10. Bd3 Nh6 $1 11. Bg5 (11. Bxh6 gxh6 {<=>}) 11... Re8 12. Nbd2 Nf7
13. Bf4 $13 (13. Qe2 Nxg5 14. Nxg5 Be7 15. Ndf3 (15. Ngf3 g5 $132) 15... g6 16.
a3 c4 17. Bc2 Ref8 18. h4 Bc5 19. Rad1 Qb6 20. Ba4 h6 $17 21. Bxc6 hxg5 22.
Bxd7+ Kxd7 23. Nd4 Rxh4 24. Qd2 Bxd4 25. cxd4 {Boey-Lobron/Thessaloniki ol (5)/
1988/0-1 (33)})) 9... Nxe5 10. dxe5 O-O-O $5 11. Bf3 h6 12. c4 d4 13. b4 cxb4
14. Qxd4 Bc5 15. Qg4 Ne7 16. Nd2 h5 17. Qg5 Nf5 18. Nb3 Be7 19. Qg6 Kb8 20. Bg5
Bc8 $13 {Schwarzburger,L-Ruf,M, Deutschland 1987}) (8. Bf4 Nge7 $5 9. Bg3 Nf5
10. exf6 Nxg3 11. f7+ $1 Kxf7 12. fxg3 Ke8 $6 (12... Kg8 13. dxc5 (13. Ng5 Nd8
14. Bd3 Be7 15. Qh5 Bxg5 16. Qxg5 Qd6 17. Kh1 c4 18. Bc2 Nf7 19. Qh5 Qe7 20.
Nd2 Nd6 21. Rae1 Re8 22. Nf3 g6 23. Qe5 Nf7 24. Qc7 Bc6 25. Qf4 {Relange,
E-Meulders,R/Brussels zt (11)/1993/1-0 (34)}) 13... Bxc5+ 14. Kh1 Rf8 15. c4 d4
16. a3 $14 {Prie,E-Dimitrov,V/France-Bulgaria 49/(307)/1990/Line (16)}) 13. c4
$1 dxc4 14. d5 exd5 15. Qxd5 Qd6 16. Qe4+ Qe6 17. Qc2 Nb4 18. Qc1 Be7 19. Bxc4
Qh6 20. Qd1 Kd8 21. Nc3 Rf8 22. Re1 Rf6 23. Ne5 Bd6 24. Nf7+ Rxf7 25. Bxf7 {
Morawietz,D-Markmann,U/BL 88/89 Koblenz-Bochum [8]/1989/1-0 (29)}) 8... cxd4 (
8... dxc4 9. exf6 (9. dxc5 Nxe5 (9... Bxc5 10. exf6 Nxf6 11. Bxc4) 10. Nxe5
Qxe5 11. Bh5+ (11. Bxc4 Bxc5 $15) 11... g6 12. Bf3 Qc7 $15) (9. d5 exd5 10.
Qxd5 (10. Nc3 $5) 10... Nxe5 11. Nxe5 fxe5 12. Nc3 $44) 9... Nxf6 10. dxc5 (10.
Bxc4 cxd4 11. Nxd4 Nxd4 12. Qxd4 Bd6 (12... Bc5 13. Qh4 $14 {>< e6}) 13. h3 $10
) 10... Bxc5 11. Bxc4 (11. Nbd2 $5) 11... O-O-O $5 $132) (8... fxe5 9. dxe5 (9.
Nxe5 $5) (9. cxd5 Nxd4 10. Nc3 Nf6 (10... O-O-O $5) 11. dxe6 Bxe6 12. Nb5 Qb6
$15 13. Nbxd4 exd4 14. Ng5 Bd5) 9... Nxe5 10. cxd5) 9. cxd5 exd5 (9... Nxe5 10.
dxe6 Nxf3+ 11. Bxf3 Bxe6 12. Qxd4 $14 {>< f7}) 10. Nxd4 Nxd4 (10... Nxe5 11.
Nb5 (11. Nc3 $5) 11... Qc6 12. N1c3 (12. Qxd5 Qxd5 13. Nc7+ Kf7 14. Nxd5 Ne7
$10) 12... Ne7 13. f4 Qc5+ (13... Nf7 14. Be3 a6 15. Rc1 $5 (15. Nd4 $36) 15...
axb5 16. Nxb5 Qxb5 17. Bxb5 Bxb5 18. Re1 $36 {/\ Bc5}) 14. Kh1 Ng4 $2 {[#]} 15.
Ne4 $3 $18 dxe4 16. Nd6+) (10... fxe5 11. Nb5 Qb6 12. Qxd5 Nf6 13. Qb3 Bc5 (
13... a6 $4 14. Nd6+) (13... Na5 14. Qg3 Nc6 (14... Bxb5 $2 15. Qxe5+ Be7 16.
Bxb5+) 15. Be3 $36) 14. Be3 $5 Nd4 15. Bxd4 exd4 16. Nd2 $140 a6 17. Nc4 Qxb5
$1 $8 18. Nd6+ Bxd6 19. Bxb5 axb5 20. Rfe1+ $13) 11. Qxd4 Qxe5 12. Qd1 Bc5 13.
Re1 (13. Bh5+ $5 Kf8 14. Re1 Qd6 15. Nc3 Bc6 16. Qb3 $44) 13... O-O-O $5 $13
14. Bf3 (14. Nc3 $5 Bd6 $140 15. g3 $1 $36) 14... Qd6 15. Nc3 Bc6 16. a3 (16.
Qb3) (16. Na4 Bb4 17. Re2 Ne7 18. a3 Ba5 $13) 16... Bb6 17. Ne2 g5 $5 18. Nd4
Bd7 19. Qd3 Ne7 20. Bd2 (20. b4 g4) 20... Bxd4 $1 21. Qxd4 (21. Bb4 Bxf2+ 22.
Kh1 Qb6 23. Rxe7 $44) 21... Nc6 22. Qc3 (22. Qxd5 Qxd5 23. Bxd5 Bf5 24. Bxc6
Rxd2 $15) 22... Kb8 23. Rad1 $44 {>< d5} Ne5 24. Bh5 d4 25. Qg3 Bc6 26. Bc3 {
[#]} Nf3+ $5 27. Bxf3 Qxg3 28. fxg3 dxc3 29. Bxc6 bxc6 30. bxc3 Rxd1 31. Rxd1
Kc7 32. Rf1 Rf8 33. Rf5 Kd6 34. Kf2 Ke6 35. Rc5 1/2-1/2

[Event "Ter Apel"]
[Site "Ter Apel"]
[Date "1992.??.??"]
[Round "3"]
[White "Adams, Michael"]
[Black "Epishin, Vladimir"]
[Result "0-1"]
[WhiteElo "2620"]
[BlackElo "2620"]
[Annotator "Anand,V"]
[PlyCount "52"]
[EventDate "1992.03.??"]
[EventType "tourn"]
[EventRounds "5"]
[EventCountry "NED"]
[EventCategory "14"]
[SourceTitle "CBM 030"]
[Source "ChessBase"]
[SourceDate "1992.10.01"]
[SourceVersion "1"]
[SourceVersionDate "1992.10.01"]
[SourceQuality "1"]

1. e4 {Knaak} e6 2. d4 d5 3. e5 c5 4. c3 Nc6 5. Nf3 Bd7 6. a3 (6. Be2) 6... f6
7. Bd3 (7. b4 fxe5 8. bxc5 (8. dxc5 Nf6 9. Bb5 e4) 8... e4 9. Ng5 Nf6 $15) 7...
Qc7 8. O-O O-O-O (8... fxe5 9. Nxe5 Nxe5 10. Bf4 Bd6 11. dxe5 $16) 9. Bf4 c4 (
9... g5 $2 10. Bg3 g4 11. exf6 $16) 10. Bc2 h6 $1 11. h4 (11. Bg3 f5 (11... f5
{Knaak} 12. h4 Be8 13. Nbd2 Bh5 14. Bf4 Be7 15. Qb1 Rf8 {/\ Qd8, g7-g5})) 11...
Be8 $1 (11... f5 12. h5 $14) 12. b3 (12. Nbd2 Bh5 13. Qe1 f5 $15) (12. Bg3 $15
{Knaak}) 12... cxb3 13. Bxb3 Bh5 14. Nbd2 (14. Qd3 g5 15. Bg3 (15. hxg5 hxg5
16. Bg3 Bxf3 17. Qxf3 (17. exf6 Qf7 18. Qxf3 Qh7 $19) 17... Qh7 $19) 15... f5
16. hxg5 Bxf3 $19) 14... fxe5 $2 (14... g5 $1 15. Bg3 (15. Be3 f5 $17) 15... f5
$17) 15. dxe5 Bc5 $15 16. Qb1 (16. Qe1 Nge7 17. Be3) 16... Nge7 17. c4 (17. Bh2
Rhf8 18. Bd1 $17) 17... Rhf8 18. Bh2 Bxf3 19. Nxf3 Rxf3 $1 20. gxf3 Nd4 21. Kg2
(21. Bd1 {Knaak} dxc4 $19) 21... Nef5 22. Bg3 Qf7 $1 23. f4 (23. Bd1 Qg6) (23.
cxd5 {Knaak} Nxh4+ 24. Bxh4 Qxf3+ 25. Kh2 Qh5 26. Qe4 Nxb3 $19) 23... g5 24.
cxd5 gxf4 25. dxe6 (25. Bxf4 {Knaak} Nxh4+ $19) 25... Qh5 26. e7 Nxh4+ (26...
Nxh4+ 27. Bxh4 Qg4+ 28. Bg3 f3+ 29. Kh2 Qh5+ 30. Kg1 Ne2#) 0-1

[Event "Mumbai Wealth op 3rd"]
[Site "Mumbai"]
[Date "2018.01.07"]
[Round "9"]
[White "Tukhaev, Adam"]
[Black "Atalik, Suat"]
[Result "1/2-1/2"]
[WhiteElo "2575"]
[BlackElo "2545"]
[Annotator "Atalik,S"]
[PlyCount "54"]
[EventDate "2017.12.30"]
[EventType "swiss"]
[EventRounds "9"]
[EventCountry "IND"]
[SourceTitle "CBM 183"]
[Source "ChessBase"]
[SourceDate "2018.03.14"]
[SourceVersion "1"]
[SourceVersionDate "2018.03.14"]
[SourceQuality "1"]

1. e4 e6 2. d4 d5 3. e5 c5 4. c3 Nc6 5. Nf3 Qb6 6. Na3 $5 (6. a3 f6 $1 {
The new development in this line.} 7. Bd3 fxe5 8. dxe5 c4 9. Bc2 g6 10. Qe2 Bg7
11. Be3 Qc7 12. Nbd2 Nh6 (12... Nge7 13. h4 h6 14. O-O-O Bd7) (12... Bd7 13.
O-O-O O-O-O) 13. h4 Bd7 14. h5 O-O-O 15. O-O-O gxh5 16. Rxh5 Ng4 17. Bf4 Be8
18. Rxh7 Rxh7 19. Bxh7 Bh6 $11) 6... cxd4 7. cxd4 Bd7 8. Nc2 Rc8 9. Be2 ({
Another line is} 9. a3 Na5 (9... Qb3 10. Bd3 Na5 11. O-O Ba4 12. Nfe1) 10. b4
Nc4 $1 11. Bd3) 9... Nb4 10. Ne3 Bb5 11. O-O Bxe2 12. Qxe2 Nc6 13. b3 Bb4 (
13... Nxd4 14. Nxd4 Qxd4 15. Qb5+ Rc6 16. Qxb7 Ne7 17. Qb8+ Rc8 18. Qb5+ Nc6 {
is not clear at all.}) 14. Bb2 (14. Nc2 Bc3 15. Rb1 Nb4 $11) (14. Rb1 $5) 14...
Qa6 $1 15. Qxa6 bxa6 16. Rfc1 Kd7 17. Rc2 Nge7 18. Rac1 h6 19. Kf1 Rb8 $1 {
Stepping aside with this rook and making place for the other.} 20. a3 Ba5 21.
b4 Bb6 22. Ke2 Rhc8 23. g3 Bd8 24. Rc5 $1 (24. Bc3 $2 a5 25. bxa5 Rb3 $19)
24... Bb6 {Black should play on} (24... Rb5 25. Ne1 (25. Bc3) 25... Bb6 26.
Rxb5 axb5 27. Kd3 a5 28. bxa5 Nxa5 29. N1c2 Nc4 30. Rb1 Ba5 31. Ba1 $13) (24...
Ng6 25. Ba1 ({alas I have been stuck with the piece sac.} 25. Nxd5 $6 exd5 26.
Rxd5+ Ke8 $17) (25. Ne1 $6 Be7 26. Nd3 Bxc5 27. Nxc5+ Kd8 $17) 25... Be7 26.
R5c3 a5 27. bxa5 Nxa5 28. Rxc8 Rxc8 29. Rxc8 Kxc8 30. Bc3 Nc6 31. Nc2 $11) 25.
R5c2 Bd8 26. Rc5 Bb6 27. R5c2 Bd8 1/2-1/2

[Event "SRB Central-ch op-A 5th"]
[Site "Paracin"]
[Date "2012.07.07"]
[Round "3"]
[White "Lukovic, Vladimir"]
[Black "Atalik, Suat"]
[Result "1/2-1/2"]
[WhiteElo "2329"]
[BlackElo "2599"]
[Annotator "Atalik,S"]
[PlyCount "90"]
[EventDate "2012.07.06"]
[EventType "swiss"]
[EventRounds "9"]
[EventCountry "SRB"]
[SourceTitle "CBM 149 Extra"]
[Source "ChessBase"]
[SourceDate "2012.08.24"]
[SourceVersion "1"]
[SourceVersionDate "2012.08.24"]
[SourceQuality "1"]

1. e4 e6 {I have always thought that the French suits my style if I have any.}
2. d4 d5 3. e5 c5 4. c3 Nc6 5. Nf3 Bd7 6. a3 $6 {This may not be the best
after Black's last move.} (6. Bd3 $6 cxd4 7. cxd4 Qb6 8. O-O Nxd4 9. Nxd4 (9.
Nbd2 Nxf3+ 10. Nxf3 Ne7 11. Be3 Qc7 12. Rc1 Nc6 13. Qa4 Qa5 $15) 9... Qxd4 10.
Nc3 a6 11. Qe2 Rc8 $1 12. Kh1 Bc5 13. f4 Nh6 14. Bd2 Nf5 15. Rae1 (15. Rf3 h5)
15... h5 $17) (6. Be3 Nh6 7. Bd3 Ng4 8. O-O Nxe3 9. fxe3 g6 10. Nbd2 Bh6 $13) (
6. Be2 $142 Rc8 7. O-O a6 $5 8. Na3 (8. a3 h6 9. b4 cxd4 10. cxd4 Na7 11. Bb2
Bb5 {is the main idea.}) (8. Be3 cxd4 9. cxd4 Nge7 10. Nc3 Nf5) (8. Kh1 h6 9.
h3 Qc7 $13) (8. b3 Nge7 9. Bb2 Ng6 10. Qd2 Be7) (8. g3) 8... cxd4 9. cxd4 Bxa3
10. bxa3 Na5 (10... Nge7 11. Rb1 Na5 12. Bd3 h6 13. Nd2 O-O 14. Qg4 Nf5 $132)
11. Rb1 Bc6 12. Bd3 h6 13. Nd2 Ne7 14. Qg4 Kf8 $132) 6... f6 $1 7. b4 (7. Bd3
Qc7 8. O-O O-O-O 9. Re1 h6 $1 10. b4 c4 11. Bc2 f5 $36) 7... fxe5 $1 8. dxe5 (
8. b5 Nxd4 9. cxd4 exd4 10. Bf4 Nf6 11. Nbd2 Be7 $17 {was played in one of my
games.}) 8... Nh6 (8... Qc7 9. Bf4 Nh6 10. Bd3 Nf7 11. O-O c4 12. Bc2 Be7 13.
h4 O-O-O $17 {was the subject of another one.}) 9. Bd3 Nf7 10. Qe2 g5 $1 $146 {
After this White is in trouble.} 11. h4 gxh4 $2 {It is unbelievable that I
preferred this} ({to} 11... g4 12. Ng5 Ncxe5 13. Bxh7 Qf6 $17) 12. Bf4 c4 13.
Bc2 Be7 14. g3 $2 {After this Black will have a great pawn structure.} (14.
Nbd2 Qc7 (14... Rg8 15. Kf1 Rg4 16. Be3 Qc7 17. b5 Na5 18. Rb1 b6 19. Nd4 Rg7
20. f4 O-O-O 21. f5 Nxe5 22. fxe6 Rf8+ 23. Kg1 Be8 24. Bh6 $16) 15. Nxh4 O-O-O
16. Ndf3 $13) 14... hxg3 15. fxg3 Qb6 $1 16. Rxh7 Rxh7 17. Bxh7 O-O-O (17... a5
$2 18. Bg6 $1 axb4 19. Qh2 $1 $40) 18. Bg6 Nh8 $5 (18... Rf8 19. Nbd2 a5 $17)
19. Bh5 Be8 20. Bxe8 $6 ({I was expecting more.} 20. Bg4 Bf7 $17) 20... Rxe8
21. Qf2 Ng6 $6 (21... Qxf2+ {Strangely enough, I was not satisfied with.} 22.
Kxf2 Ng6 23. Nbd2 Rf8 24. Ke3 Bd8 25. Rh1 Bb6+ 26. Ke2 Nxf4+ 27. gxf4 Rxf4 28.
Rh8+ Kd7 29. Rh7+ Ne7 $19) 22. Qxb6 axb6 23. Nbd2 b5 $2 {One mistake follows
the other. My pretext is that I thought that I was following the safest way to
cash in the point.} (23... Rf8 24. Ke2 Nxf4+ 25. gxf4 Rxf4 26. b5 Nd8 $19) (
23... Nxf4 24. gxf4 Rf8 25. Ke2 Rxf4 26. b5 Nd8 27. a4 Nf7 $19) 24. a4 (24. Ke2
Rf8) 24... bxa4 25. Rxa4 b5 (25... Kd7 26. b5 Nd8 27. Be3 Nf7 28. Bd4 $132 {
is not easy anymore.}) 26. Ra8+ Kd7 27. Rxe8 Kxe8 28. Nb1 $1 $132 Kd7 ({
I missed that} 28... d4 29. Na3 $1 Nxb4 30. Nxb5 $15) 29. Kd1 Bf8 (29... d4 30.
Na3 dxc3 31. Nxb5 Nxb4 32. Nxc3 Nd5 33. Ne2 $15) 30. Na3 Bg7 ({I was down when
I saw that even} 30... Nxf4 31. gxf4 Bh6 32. f5 exf5 33. Nxb5 Bf4 (33... Bg7
34. e6+ Kxe6 35. Nc7+ $11) 34. Nbd4 Nxe5 35. Nh4 $11 {gives only equality.})
31. Nxb5 Ncxe5 32. Nxe5+ Nxe5 $6 $11 ({I might have some academical chances
after} 32... Bxe5 33. Bxe5 Nxe5 34. Ke2 Nf7 $15) 33. Bxe5 $1 Bxe5 34. g4 Bf6
35. Nd4 {It is a draw after all.} e5 36. Nf5 d4 37. g5 (37. cxd4 exd4 38. g5
Bh8 39. g6 Kc6 40. g7 Bxg7 41. Nxg7 Kb5 42. Nf5 $11) ({There is no need for} 
37. Ng3 Ke6 {but still a draw.} 38. Ne4 Be7 39. g5 Kf5 40. Nd2 $11) 37... Bxg5
38. cxd4 Ke6 39. Ng7+ Kd5 ({After} 39... Kf6 40. dxe5+ $1 Kxg7 41. Kc2 $11 {
is the simplest draw.}) 40. dxe5 Kxe5 41. Kc2 Be7 42. b5 Kd5 43. Nf5 Kc5 44.
Ne3 Kxb5 45. Nxc4 Kxc4 1/2-1/2

[Event "Kavala op 14th"]
[Site "Kavala"]
[Date "2005.08.13"]
[Round "3"]
[White "Hadzimanolis, Antonios"]
[Black "Atalik, Suat"]
[Result "0-1"]
[WhiteElo "2317"]
[BlackElo "2561"]
[Annotator "Atalik,S"]
[PlyCount "54"]
[EventDate "2005.08.12"]
[EventType "swiss"]
[EventRounds "9"]
[EventCountry "GRE"]
[SourceTitle "CBM 107 Extra"]
[Source "ChessBase"]
[SourceDate "2005.09.01"]
[SourceVersion "1"]
[SourceVersionDate "2005.09.01"]
[SourceQuality "1"]

1. e4 e6 2. d4 d5 3. e5 c5 4. c3 Nc6 5. Nf3 Bd7 6. a3 f6 7. b4 fxe5 8. dxe5 ({
After} 8. b5 {I would have gone for Thomas' piece sac with.} Nxd4 $1 9. cxd4
exd4 $44) 8... Qc7 9. Bf4 Nh6 $2 {One move too early.} (9... c4 {is the move.})
10. Bd3 $2 (10. c4 $1 d4 11. b5 Ne7 12. Bd3 $16) 10... Nf7 11. O-O c4 12. Bc2
Be7 13. h4 O-O-O 14. Re1 Rdg8 $17 15. Ng5 {He tries to prevent black's
kingside attack but it is too late.} (15. Qc1 Bxh4 $1 16. Nxh4 g5 $17) 15...
Nxg5 16. hxg5 Qd8 17. Qg4 Rf8 18. g3 h6 19. g6 h5 20. Qh3 h4 $19 21. Qg4 hxg3
22. fxg3 $2 {This is losing on the spot.} (22. Bxg3 Bh4 $19) 22... Qb6+ 23. Be3
Nxe5 24. Bxb6 Nxg4 25. Bxa7 Rh3 $1 {Now it is over.} 26. Re2 d4 $1 {After this
the attack is terribly strong.} (26... Rfh8 27. Kf1 Rxg3 $19) 27. Bxd4 $2 (27.
Be4 d3 (27... Ne3 28. Nd2 (28. Rxe3 dxe3 29. Kg2 Rh5 30. Bxe3 Re5 31. Nd2 Rxe4
32. Nxe4 Bc6 $19) 28... Rxg3+ 29. Kh1 Ng4 $19) 28. Rb2 Bg5 $19) 27... Bc6 0-1

[Event "SLO-chT 09th"]
[Site "Bled"]
[Date "1999.11.11"]
[Round "4"]
[White "Sveshnikov, Evgeny"]
[Black "Atalik, Suat"]
[Result "1-0"]
[WhiteElo "2541"]
[BlackElo "2598"]
[Annotator "Atalik,S"]
[PlyCount "73"]
[EventDate "1999.11.08"]
[EventType "team-tourn"]
[EventRounds "7"]
[EventCountry "SLO"]
[SourceTitle "EXT 2000"]
[Source "ChessBase"]
[SourceDate "1999.11.16"]
[SourceVersion "1"]
[SourceVersionDate "1999.11.16"]
[SourceQuality "1"]
[WhiteTeam "Ljubljanski LSK"]
[BlackTeam "Tolmin AET"]
[WhiteTeamCountry "SLO"]
[BlackTeamCountry "SLO"]

1. e4 e6 2. d4 d5 3. e5 c5 4. c3 Nc6 5. Nf3 Bd7 6. Be2 Nge7 7. Na3 cxd4 8. cxd4
Nf5 9. Nc2 Rc8 $5 {A rare move.} 10. O-O (10. Bd2 Qb6 11. Bc3 Na5 $5 $13) 10...
Qb6 11. g4 Nfe7 12. Nh4 (12. Nfe1 h5 13. gxh5 Nf5 14. Be3 f6 15. Nd3 Nxe3 16.
fxe3 fxe5 17. dxe5 Qc7 18. Rc1 Nxe5 19. Nd4 Nc6 20. Bg4 Rh6 $13) 12... Ng6 13.
Ng2 f6 14. exf6 gxf6 15. Kh1 (15. f4 f5 (15... Bd6 16. f5 exf5 17. gxf5 Nge7
$13) 16. gxf5 (16. Nge3 Bg7) 16... exf5 17. Bf3 Nce7 18. Re1 Bg7 $15) (15. h4
$5 Bd6 16. Bh6 Bf8 $5 $13) 15... Bd6 (15... Bg7 $140 $1 16. f4 f5) 16. f4 (16.
Bh6 $5 Bf8 17. Be3 Bg7 $13) 16... Nce7 17. Qd3 f5 18. Nce3 {draw offer} fxg4
19. Nxg4 Nf5 $6 (19... O-O 20. Ne5 Bxe5 21. dxe5 Nf5 $17) 20. Nf6+ Ke7 $4 {
Walking into the only existing trap.} (20... Kd8 21. Rd1 Bc6 22. Bg4 Be7 23.
Bxf5 exf5 24. Nh5 Rf8 $13) 21. Qxf5 $1 exf5 (21... Qxd4 $6 22. Nxd5+ $5 (22.
Be3 $6 Qxf6 (22... Qxb2 23. Nxd5+ exd5 24. Qxd5 Bc6 25. Qg5+ $40) 23. Qxf6+
Kxf6 24. Bd4+ Kf7 25. Bxh8 Rxh8 $44) 22... Qxd5 23. Qxd5 (23. Qb1 $2 Nh4) 23...
exd5 24. f5 Ne5 25. Bg5+ $40) 22. Nxd5+ Kf7 (22... Kd8 $5 23. Nxb6 axb6) 23.
Nxb6 axb6 24. Bf3 Rhe8 $5 (24... Bc6 25. Bxc6 Rxc6 {looks more resilient.}) 25.
Bxb7 Rc2 26. a4 Ree2 27. Bf3 (27. Ne1 $5 Bc6+ (27... Rxh2+ 28. Kg1 Rxc1 29.
Rxc1 Rh4 30. Ng2) 28. Bxc6 Rxc6 $44) 27... Rf2 28. Rxf2 Rxf2 29. Bd5+ Be6 30.
Kg1 (30. Bxe6+ Kxe6 31. Kg1 Rf3 $1 $44) 30... Rc2 31. Bf3 Rc4 32. Be3 Rb4 33.
a5 $1 (33. d5 Bd7 $11) 33... bxa5 34. Rxa5 Rxb2 35. Ra6 $1 (35. Ra7+ Ne7 36. d5
(36. Bh5+ Kf6) 36... Bc8 $11) 35... Be7 36. Ra7 {The best black could get
after his early game blunder is this position.Instead of blundering,I had to
pull myself together.} Ra2 $4 (36... Bc4 $1 37. Bc6 (37. d5 Ke8 38. Rc7 Be2 39.
Bc1 Ra2 $14) 37... Ke6 38. Bd7+ Kd6) (36... Nf8 $5 {looks passive but does not
lose on the spot.} 37. d5 (37. Bh5+ Ng6 38. Nh4 Rb1+ 39. Kf2 Rb2+ 40. Kg3 Rb3)
37... Bd7 38. Bh5+ Kg8 39. Be8 Bxe8 40. Rxe7 Bf7 41. d6 Rb5 $16) 37. d5 (37. d5
Rxa7 38. dxe6+ Kxe6 39. Bxa7 $18) 1-0

[Event "Veliko Gradiste Silver Lake op-A"]
[Site "Veliko Gradiste"]
[Date "2015.06.21"]
[Round "2"]
[White "Nestorovic, Lazar"]
[Black "Atalik, Suat"]
[Result "0-1"]
[WhiteElo "2337"]
[BlackElo "2551"]
[Annotator "Atalik,S"]
[PlyCount "92"]
[EventDate "2015.06.20"]
[EventType "swiss"]
[EventRounds "9"]
[EventCountry "SRB"]
[SourceTitle "EXT 2016"]
[Source "ChessBase"]
[SourceDate "2015.10.08"]
[SourceVersion "1"]
[SourceVersionDate "2015.10.08"]
[SourceQuality "1"]

1. e4 e6 2. d4 d5 3. e5 c5 4. c3 Nc6 5. Nf3 Bd7 6. dxc5 $5 Bxc5 7. Bd3 $6 ({
The theoretical line is} 7. b4 Bb6 8. b5 Na5 9. Bd3 Nc4 10. a4 Qc7 11. Qe2 a6
12. bxa6 Rxa6 13. O-O Ne7 14. Na3 Rxa4 15. Nxc4 dxc4 16. Rxa4 Bxa4 17. Bxc4 O-O
$11) 7... f6 8. Bf4 (8. exf6 Nxf6) (8. b4 Bb6 9. b5 Nxe5 10. Nxe5 fxe5 11. Qh5+
Kf8 12. Qxe5 Nf6 13. O-O Kf7 $13) 8... fxe5 $6 ({There is nothing to be afraid
of} 8... g5 $1 9. Nxg5 fxg5 10. Qh5+ Kf8 11. Bxg5 Be7 $17) 9. Bxe5 (9. Nxe5 $2
Qf6 10. Nxd7 Bxf2+ $19) 9... Nxe5 $5 $146 (9... Nf6 10. O-O O-O 11. Nbd2 Nxe5
12. Nxe5 Be8 $11) 10. Nxe5 Qf6 $2 {An empty move without threat} (10... Qg5 11.
Nxd7) (10... Nf6 $11) 11. Ng4 $2 ({since} 11. Qe2 $1 Bxf2+ $2 12. Kd1 $18 {
refutes the whole idea.}) 11... Qg5 12. h4 Qf4 $1 (12... Qh5 13. Qe2 O-O-O 14.
Nd2 Nf6 15. f3) 13. g3 Qd6 14. Qe2 Nf6 15. Nd2 $2 (15. Nxf6+ gxf6 16. Nd2 Qe5
$15) 15... Nxg4 16. Qxg4 O-O-O $2 {Not the safest side.} (16... e5 17. Qxg7
O-O-O 18. Bxh7 Qf8 $1 $19) (16... O-O 17. Qh5 Bxf2+ 18. Kd1 h6 19. Qg6 Qxg3 $19
) 17. O-O Rdf8 18. b4 Bb6 19. c4 Qxb4 (19... e5 20. Qe2 Bd4 21. cxd5 Bh3 22.
Ne4 Qxd5 $17) (19... h5 20. Qg5 dxc4 $17) 20. Qe2 (20. Nb3 $2 Rxf2 21. Rxf2 Rf8
22. Raf1 Rxf2 23. Rxf2 Qe1+ $19) 20... Kb8 21. Nf3 dxc4 22. Ne5 $1 Bc8 (22...
Bb5 23. Bxc4 Qc3 $1 24. Bxb5 Qxg3+ 25. Kh1 Qxh4+ 26. Kg2 Qg5+ 27. Ng4 Bc7 28.
Rab1 h5 29. Bc6 b6 30. Rb4 Rf4 31. Rxf4 Bxf4 32. Qxe6 Qxg4+ 33. Qxg4 hxg4 $17 {
and it is not clear if Black would win this position easily.}) 23. Nxc4 Bd4 24.
Rab1 Qc5 25. Nd2 $1 Qc7 26. Kh2 e5 27. Be4 $2 $138 (27. Nf3 Bb6 28. Nxe5 Rxf2+
29. Rxf2 Bxf2 30. Qxf2 Qxe5 $17) 27... Rf6 28. Bg2 Rhf8 29. Ne4 Rc6 30. Rfd1
$138 h6 $1 31. Rd3 g5 $19 {I have thought that the game was over with the h
line opening.} 32. h5 Rc2 $2 {An unnecessary finess.} (32... g4 33. Kg1 Rf5 $19
) 33. Rd2 Rxd2 34. Qxd2 Qf7 35. Kg1 Qxh5 (35... Be6 36. Qb4 Rd8 $17) 36. Qb4
Qf7 37. Qd6+ Ka8 38. g4 $2 (38. Rc1 $142 g4 39. Rc2 $132 {constructs a
defensive line.}) 38... h5 $1 39. gxh5 g4 $4 {This was the only game during
which I really felt my absence from chess for 7 months.} ({Something
unexplainable happened when I was analysing the line} 39... Bxf2+ 40. Nxf2
Qxf2+ 41. Kh1 (41. Kh2 Rf4) 41... Rf4 42. Bxb7+ Bxb7+ {and I have forgotten
that it is a check to White's king!}) 40. Rf1 Rh8 $2 $138 ({Missing another
simple win with} 40... g3 41. Nxg3 Bxf2+ 42. Kh1 Qf4 43. Rxf2 Qxf2 44. Qxe5 Rg8
$19) 41. h6 Qf4 42. Rd1 $138 g3 $4 {Basically blundering a piece.} (42... Bb6
$19) (42... Rxh6 43. Qd8 Kb8 $19) 43. Rxd4 $1 gxf2+ 44. Kf1 Rxh6 (44... Qe3 45.
Rd1) 45. Rc4 $4 {Lazar blundered badly in his time trouble.} (45. Qd8 exd4 46.
Qxc8+ Qb8 47. Qd7 $11) (45. Qc7 Rh1+) 45... Rh1+ $1 {Putting an end to Comedy
of Errors!} 46. Bxh1 Bh3+ 0-1